Návrh a realizácia distribuovaného systému riadenia teploty : Diplomová práca

Saved in:
Bibliographic Details
Main Authors: Michaľčonok, German, 1946- (xxx), Lampert, Peter (Author)
Format: Manuscript Book
Language:Slovak
Published: Trnava : STU v Bratislave MtF KAIA, 2004
Subjects:
Tags: Add Tag
No Tags, Be the first to tag this record!

MARC

LEADER 00000ntm a22000003a 4500
001 stu89229
005 20160719154655.1
008 040727s2004----xo------------------slo-d
040 |a STU  |b slo 
041 0 |a slo 
044 |a xo 
100 1 |a Michaľčonok, German,  |d 1946-  |4 xxx  |u M6000  |U MTF Materiálovotechnologická fakulta  |T MTF Ústav aplikovanej informatiky, automatizácie a matematiky  |X 245  |U M6000  |Y 86  |7 A000000245 
245 1 |a Návrh a realizácia distribuovaného systému riadenia teploty :  |b Diplomová práca 
260 |a Trnava :  |b STU v Bratislave MtF KAIA,  |c 2004 
300 |a 77 s  |c príl (CD) 
650 7 |a aplikovaná informatika a automatizácia v priemysle  |2 stusub 
700 1 |a Lampert, Peter  |4 aut 
996 |b 284M059911  |c M*DP-5178  |l MMSKP  |s P  |a 0  |w stu89229_0001